[Event "Como Province-ch"]
[Site "Erba"]
[Date "2015.01.25"]
[Round "6"]
[White "Iachelini, Gianfranco"]
[Black "Romano, Ido"]
[Result "0-1"]
[WhiteElo "1470"]
[BlackElo "1527"]
[PlyCount "84"]
[EventDate "2015.01.17"]
[EventType "swiss"]
[EventRounds "6"]
[EventCountry "ITA"]
[SourceTitle "EXT 2017"]
[Source "ChessBase"]
[SourceDate "2016.10.25"]
[SourceVersion "1"]
[SourceVersionDate "2016.10.25"]
[SourceQuality "1"]

1. e4 e5 2. Nf3 d6 3. h3 Nf6 4. d3 h6 5. Be2 Nc6 6. c4 Be7 7. Nc3 0-0 8. b3 Be6 9. d4 exd4 10. Nxd4 Nxd4 11. Qxd4 c5 12. Qd3 Nh7 13. Nd5 Bg5 14. Bxg5 Nxg5 15. 0-0 f6 16. f4 Nf7 17. f5 Bxd5 18. Qxd5 Kh7 19. Bh5 Qe7 20. Rad1 Rad8 21. Rd2 Rd7 22. Rfd1 Ne5 23. Qe6 Nf7 24. Bxf7 Rxf7 25. Rxd6 Rxd6 26. Rxd6 b6 27. Qd5 Qc7 28. a3 Qe7 29. b4 cxb4 30. axb4 Qc7 31. b5 Qe7 32. Re6 Qc7 33. Re8 h5 34. Kh1 Rd7 35. Qg8+ Kh6 36. Qd5 Rxd5 37. cxd5 Qd7 38. Rf8 Qxb5 39. h4 Kh7 40. Rf7 Qb1+ 41. Kh2 Qxe4 42. Rxa7 Qxd5 0-1

[Event "Como Primavera op 7th"]
[Site "Como"]
[Date "2012.04.19"]
[Round "1"]
[White "Lipari, Alberto"]
[Black "Iachelini, Gianfranco"]
[Result "0-1"]
[WhiteElo "1609"]
[BlackElo "1437"]
[PlyCount "76"]
[EventDate "2012.04.19"]
[EventType "swiss"]
[EventRounds "7"]
[EventCountry "ITA"]
[SourceTitle "EXT 2024"]
[Source "ChessBase"]
[SourceDate "2023.10.10"]
[SourceVersion "1"]
[SourceVersionDate "2023.10.10"]
[SourceQuality "1"]

1. c4 c5 2. Nc3 e5 3. g3 Nf6 4. d3 Be7 5. Bg2 0-0 6. Nf3 d6 7. 0-0 Nc6 8. a3 d5 9. cxd5 Nxd5 10. Nd2 Nxc3 11. bxc3 Bd7 12. Nc4 Qc8 13. Bxc6 Bxc6 14. Nxe5 Be8 15. Be3 f6 16. Nc4 Bd7 17. Qb3 Kh8 18. Bf4 Bh3 19. Rfe1 Qc6 20. e4 Be6 21. Rad1 b5 22. Na5 Qb6 23. Bc7 Bxb3 24. Bxb6 Bxd1 25. Bc7 Ba4 26. Nc6 Rac8 27. Nxe7 Rxc7 28. Nd5 Rd7 29. d4 cxd4 30. cxd4 Bb3 31. Nf4 Rxd4 32. Re3 Bc4 33. Kg2 Re8 34. Kf3 Bf7 35. h4 Bg6 36. e5 fxe5 37. Nh3 e4+ 38. Kg2 Rd3 0-1